000 00477nmm a2200169Ia 4500
008 251105s9999||||xx |||||||||||||||||und||
020 _a8479088168
041 _aspa
100 _aDura Domenech, Antonio
245 0 _aTemas de acústica
264 _a[Madrid, España] :
_bPublicaciones de la Universidad de Alicante,
_c2005
300 _a344 páginas
490 _aCiencias
650 _aSciences
856 _uhttps://public.digitaliapublishing.com/a/811
942 _cCF
999 _c73634
_d73634